Fòrum l'escola i la ciutat : 10, 11 i 12 d'abril : 2002 10, 11 i 12 d'abril :
Publicado:
Barcelona :
Diputació de Barcelona. Àrea d'Educació : Ajuntament de Barcelona. Institut d'Educació ,
2002
Descripción Física:
1 díptic ; 21 cm
Materias:
Política educativa -- Congressos
MARC
| LEADER | 00000nam a2200000Ia 4500 | ||
|---|---|---|---|
| 001 | 24334 | ||
| 003 | BGR | ||
| 005 | 20260324180613.0 | ||
| 008 | 160829s2002 xx 000 0 cat d | ||
| 080 | |a FU-64-149 | ||
| 111 | |a Fòrum l'Escola i la Ciutat |c (Barcelona : |d 2002) |9 65064 | ||
| 245 | |a Fòrum l'escola i la ciutat : |b 10, 11 i 12 d'abril : |b 2002 | ||
| 260 | |a Barcelona : |b Diputació de Barcelona. Àrea d'Educació : |b Ajuntament de Barcelona. Institut d'Educació, |c 2002 | ||
| 300 | |a 1 díptic ; |c 21 cm | ||
| 590 | |a Programa de mà de les jornades, celebrades entre el 10 i el 12 d'abril de 2002 a les Drassanes Reials de Barcelona | ||
| 650 | |a Política educativa |x Congressos |9 49826 | ||
| 710 | |a Barcelona (Catalunya : Província). |b Àrea d'Educació |9 8009 | ||
| 710 | 2 | |a Institut Municipal d'Educació (Barcelona, Catalunya) |9 56273 | |
| 901 | |a Arxiu | ||
| 942 | |n 1 |2 udc |c MON | ||
| 952 | |0 0 |1 0 |4 0 |6 FU64149 |7 1 |9 55618 |a Arxiu |b Arxiu |d 2016-12-01 |l 0 |o FU-64-149 |p 24334 |r 2016-12-01 00:00:00 |w 2016-12-01 |y ARXIU | ||
| 999 | |c 59491 |d 59491 | ||